| 000 | 00696nam a2200217Ia 4500 | ||
|---|---|---|---|
| 005 | 20250508162742.0 | ||
| 008 | 008 250505s9999 xx 000 0 eng d | ||
| 020 | _a81-85173-25-7 | ||
| 037 | _aTextual | ||
| 040 |
_aFEDL _beng _cFEDL |
||
| 041 |
_aeng _2eng |
||
| 084 |
_a370.954, AGG _qFEDL |
||
| 100 | _aAggarwal J C | ||
| 245 | 0 | _aEducational reforms in India world perspective : A comparative study of education for all by 2000.ad and National policy on education | |
| 260 |
_aDelhi, India _bDoaba House _c1990 |
||
| 300 | _avi,136p. | ||
| 490 | _aDoaba World Education Series | ||
| 650 | _aEducation | ||
| 942 |
_cTEXL _h370.954, AGG |
||
| 999 |
_c1378487 _d1378487 |
||